| 000 | 00973cam a22003135a 4500 | ||
|---|---|---|---|
| 001 | 3751868 | ||
| 003 | EG-ScBUE | ||
| 005 | 20220410120213.0 | ||
| 008 | 821116s1983 enka f b 001 0 eng d | ||
| 020 | _a0582551102 | ||
| 020 | _a9780582551107 | ||
| 040 |
_aDLC _beng _erda _cDLC _dEG-ScBUE |
||
| 082 | 0 | 4 |
_a401 _bLEE _222 |
| 100 | 1 |
_aLeech, Geoffrey N., _eauthor. _940306 |
|
| 245 | 1 | 0 |
_aPrinciples of pragmatics / _cGeoffrey Leech. |
| 264 | 1 |
_aLondon ; _aNew York : _bLongman, _c1983. |
|
| 300 |
_axii, 250 pages : _billustrations ; _c22 cm. |
||
| 336 |
_2rdacontent _atext _btxt |
||
| 337 |
_2rdamedia _aunmediated _bn |
||
| 338 |
_2rdacarrier _avolume _bnc |
||
| 490 | 0 | _aLongman linguistics library | |
| 504 | _aIncludes bibliographical references and index. | ||
| 650 | 7 |
_aPragmatics. _2BUEsh _937316 |
|
| 651 | _2BUEsh | ||
| 653 |
_cJuly2016 _bHHUUEENN |
||
| 653 |
_bHHUUEENN _cSeptember2016 |
||
| 655 |
_vReading book _934232 |
||
| 942 |
_2ddc _e22 _k401 LEE _cBB |
||
| 999 |
_c21970 _d21942 |
||